| 000 | 01453cam a2200229 4500 | ||
|---|---|---|---|
| 001 | ABS65059 | ||
| 008 | 020131n2002 000 0 eng u | ||
| 035 | _a(Sirsi) u116573 | ||
| 100 | _aBrewer, G | ||
| 245 | _aGeoff Brewer of Brewer Consulting examines repudiatory breaches | ||
| 260 | _c2002 | ||
| 490 |
_aContract Journal _v411(6539) 9 January 2002, 23(1) |
||
| 520 | _aExamines the case "Shyam Jewellers Ltd v Cheeseman", a shopfitting design and installation, where the issue involved the discussion of the circumstances which give rise to an entitlement to treat a contract as repudiated. Cheeseman, the contractor had undertaken the work for Shyam but after a breakdown in communication over changes to the design and consequent cost, Cheesman felt that Shyam had repudiated the contract. Cheeseman had won against Shyam but on appeal it was found that he had repudiated the contract (although under provocation) by writing that he considered the contract at an end. The appeal was allowed and the judgement reversed. This outcome implies that in a typical construction contract a breakdown in the relationship of confidence between the parties will not of itself justify an assertion of repudiation. | ||
| 590 | _aABS | ||
| 650 | _aREPUDIATION OF CONTRACT | ||
| 650 | _aREPUDIATORY BREACH | ||
| 650 | _aSHYAM JEWELLERS LTD V CHEESEMAN | ||
| 650 | _aSHOPFITTING | ||
| 650 | _aBREACH OF CONTRACT | ||
| 690 | _aLAW-UK | ||
| 942 | _n0 | ||
| 999 |
_c69416 _d69416 |
||